Statistics for 写出各国除首都之外的任意一个较大的城市

Click here to take the quiz!

General Stats

  • This quiz has been taken 156 times
  • The average score is 46 of 138

Answer Stats

国家城市% Correct
中国上海|广州|深圳|天津|重庆|东莞|成都|武汉
100%
美国纽约|洛杉矶|芝加哥|达拉斯|休斯顿|费城|亚特兰大|迈阿密
99%
印度孟买|班加罗尔|金奈|海得拉巴|艾哈迈达巴德|加尔各答|苏拉特|浦那
98%
巴西圣保罗|里约|萨尔瓦多|福塔雷萨|贝洛奥里藏特|玛瑙斯|库里蒂巴|累西腓
97%
日本横滨|大阪|名古屋|札幌|福冈|神户|川崎|京都
97%
俄罗斯圣彼得堡|新西伯利亚|叶卡捷琳堡|喀山|下诺夫哥罗德|车里雅宾斯克|克拉斯诺亚尔斯克|萨马拉
96%
德国汉堡|慕尼黑|科隆|法兰克福|斯图加特|杜塞尔多夫|多特蒙德|埃森
95%
意大利米兰|那不勒斯|都灵|巴勒莫|热那亚|博洛尼亚|佛罗伦萨|巴里
92%
法国马赛|里昂|图卢兹|尼斯|南特|斯特拉斯堡|蒙彼利埃|波尔多
91%
越南胡志明市|海防|芹苴|岘港|边和|顺安|海阳|以安
90%
韩国釜山|仁川|大邱|大田|光州|水原|蔚山|高阳
90%
澳大利亚悉尼|墨尔本|布里斯班|珀斯|阿德莱德|黄金海岸|纽卡斯尔|阳光海岸
90%
英国曼彻斯特|伯明翰|利兹|格拉斯哥|利物浦|南安普敦|纽卡斯尔|诺丁汉
89%
西班牙巴塞罗那|巴伦西亚|塞维利亚|萨拉戈萨|马拉加|穆尔西亚|帕尔马|拉斯帕尔马斯
88%
土耳其伊斯坦布尔|伊兹密尔|布尔萨|阿达纳|加济安泰普|安塔利亚|科尼亚|开塞利
88%
加拿大多伦多|蒙特利尔|温哥华|卡尔加里|埃德蒙顿|魁北克|温尼伯|哈密尔顿
87%
缅甸仰光|曼德勒|东枝|毛淡棉|勃固|蒙育瓦|密支那|勃生
82%
委内瑞拉马拉开波|巴伦西亚|巴基西梅托|马拉凯|巴塞罗那|圭亚那城|圣克里斯托瓦尔|马图林
81%
荷兰鹿特丹|海牙|乌得勒支|埃因霍温|蒂尔堡|阿尔梅勒|格罗宁根|布雷达
78%
南非约翰内斯堡|开普敦|德班|伊丽莎白港|弗里尼欣|索肖古维|东伦敦|布隆方丹
77%
泰国暖武里|北榄|乌隆他尼|清迈|春武里|呵叻|巴革|合艾
76%
印尼泗水|勿加泗|棉兰|万隆|德博|丹格朗|巨港|三宝垄
75%
瑞士苏黎世|日内瓦|巴塞尔|洛桑|温特图尔|卢塞恩|圣加仑|卢加诺
73%
巴基斯坦卡拉奇|拉合尔|费萨拉巴德|拉瓦尔品第|古吉兰瓦拉|白沙瓦|木尔坦|海得拉巴
71%
埃及亚历山大|吉萨|舒卜拉海迈|塞得港|苏伊士|卢克索|曼苏拉|大迈哈莱
70%
以色列耶路撒冷|海法|里雄|佩塔提克瓦|阿什杜德|内坦亚|贝内贝拉克|贝尔谢巴
68%
阿联酋迪拜|沙迦|艾因|阿治曼|哈伊马角|富查伊拉|乌姆盖万|豪尔费坎港
68%
沙特阿拉伯吉达|麦加|麦地那|达曼|胡富夫|塔布克|布赖代|塔伊夫
67%
乌克兰哈尔科夫|第聂伯罗|敖德萨|顿涅茨克|扎波罗热|利沃夫|克里维里赫|尼古拉耶夫
67%
新西兰奥克兰|基督城|哈密尔顿|陶朗加|下哈特|但尼丁|北帕默斯顿|内皮尔
64%
哈萨克斯坦阿拉木图|奇姆肯特|卡拉干达|阿克托别|塔拉兹|巴甫洛达尔|厄斯克门|塞梅伊
62%
比利时安特卫普|根特|沙勒罗瓦|列日|布鲁日|那慕尔|鲁汶|蒙斯
61%
朝鲜咸兴|清津|南浦|元山|新义州|端川|价川|开城
60%
摩洛哥卡萨布兰卡|非斯|丹吉尔|马拉喀什|塞拉|梅克内斯|乌季达|盖尼特拉
57%
尼日利亚拉各斯|卡诺|伊巴丹|贝宁城|哈科特港|乔斯|伊洛林|卡杜纳
56%
马来西亚新山|威省|加影|巴生|梳邦再也|乔治市|怡保|八打灵再也
54%
多哥索科德|卡拉|帕利梅|阿塔帕梅|达庞|策维埃|诺策|阿内霍
52%
波兰克拉科夫|罗兹|弗罗茨瓦夫|波兹南|格但斯克|什切青|比得哥什|卢布林
51%
伊朗马什哈德|伊斯法罕|卡拉季|大不里士|设拉子|阿瓦士|库姆|克尔曼沙赫
51%
葡萄牙波尔图|加亚新城|阿马多拉|布拉加|丰沙尔|科英布拉|塞图巴尔|阿尔马达
50%
瑞典哥德堡|马尔默|乌普萨拉|林雪平|厄勒布鲁|韦斯特罗斯|赫尔辛堡|北雪平
49%
墨西哥蒙特雷|瓜达拉哈拉|普埃布拉|托卢卡|蒂华纳|莱昂|克雷塔罗|华雷斯
47%
孟加拉国吉大港|库尔纳|拉杰沙希|锡尔赫特|巴里萨尔|朗布尔
46%
伊拉克摩苏尔|巴士拉|基尔库克|埃尔比勒|纳杰夫|卡尔巴拉|苏莱曼尼亚|纳西里耶
46%
巴勒斯坦加沙|希伯伦|纳布卢斯|汗尤尼斯|贾巴利亚|拉法|杰宁|拜特拉希亚
46%
阿富汗坎大哈|赫拉特|马扎里沙里夫|贾拉拉巴德|昆都士|塔卢坎|普勒胡姆里|加兹尼
45%
菲律宾奎松|达沃|加洛坎|达义|三宝颜|宿雾|安蒂波洛|帕西格
43%
奥地利格拉茨|林茨|萨尔茨堡|因斯布鲁克|克拉根福|菲拉赫|多恩比恩|维也纳新城
42%
也门亚丁|塔伊兹|荷台达|伊卜|扎玛尔|穆卡拉|津吉巴尔
40%
叙利亚阿勒颇|霍姆斯|拉塔基亚|哈马|拉卡|代尔祖尔|哈塞克|卡米什利
38%
挪威卑尔根|特隆赫姆|斯塔万格|桑维卡|拜鲁姆|克里斯蒂安桑|腓特烈斯塔|特罗姆瑟
37%
坦桑尼亚达累斯萨拉姆|姆万扎|阿鲁沙|姆贝亚|莫罗戈罗|坦噶|塔波拉|桑给巴尔
35%
阿根廷科尔多瓦|罗萨里奥|门多萨|图库曼|拉普拉塔|马德普拉塔|萨尔塔|圣菲
31%
柬埔寨暹粒|马德望|诗梳风|波贝|达克茂|西哈努克港|三隆|菩萨
30%
乌兹别克斯坦纳曼干|撒马尔罕|安集延|努库斯|布哈拉|卡尔希|浩罕|费尔干纳
30%
肯尼亚蒙巴萨|纳库鲁|鲁依鲁|埃尔多雷特|基苏木|基库尤|锡卡|奈瓦沙
29%
哥伦比亚麦德林|卡利|巴兰基亚|卡塔赫纳|库库塔|布卡拉曼加|佩雷拉|伊瓦格
29%
巴拿马科隆|戴维|拉乔雷拉|圣地亚哥|钱吉诺拉|佩诺诺梅|布加瓦|阿穆埃耶斯港
29%
利比亚班加西|米苏拉塔|扎维耶|贝达|盖尔扬|图卜鲁格|艾季达比耶|兹利坦
27%
希腊塞萨洛尼基|帕特雷|比雷埃夫斯|伊拉克利翁|拉里萨|佩里斯特里|阿查内斯|卡利地亚
27%
科特迪瓦阿比让|布瓦凯|达洛亚|圣佩德罗|迪沃|科霍戈|阿尼亚马|阿本古鲁
26%
古巴圣地亚哥|卡马圭|奥尔金|圣克拉拉|关塔那摩|巴亚莫|拉斯图纳斯|西恩富戈斯
25%
老挝沙湾拿吉|巴色|琅勃拉邦|他曲|桑怒|丰沙湾|北汕|万荣
24%
多米尼加圣地亚哥|拉维加|圣克里斯托瓦|圣佩德罗|圣弗朗西斯科|罗马纳|伊圭|普拉塔港
24%
斯里兰卡科伦坡|卡杜韦勒|马哈拉加马|凯斯贝瓦|代希瓦勒|莫勒图沃|内贡博|康提
24%
爱尔兰科克|利默里克|戈尔韦|沃特福德|德罗赫达|邓多克|斯沃司|布雷
24%
玻利维亚圣克鲁斯|阿尔托|科恰班巴|奥鲁罗|苏克雷|塔里哈|波托西|萨卡瓦
23%
秘鲁阿雷基帕|特鲁希略|奇克拉约|万卡约|伊基托斯|皮乌拉|库斯科|钦博特
21%
蒙古额尔登特|达尔汗|乔巴山|木伦|乌列盖|阿尔拜赫雷|乌兰固木|巴彦洪戈尔
21%
阿尔及利亚奥兰|君士坦丁|安纳巴|巴特纳|卜利达|塞提夫|谢里夫|杰勒法
21%
捷克布尔诺|俄斯特拉发|比尔森|利贝雷茨|奥洛穆茨|捷克布杰约维采|赫拉德茨克拉洛韦|拉贝河畔乌斯季
18%
罗马尼亚克卢日纳波卡|雅西|康斯坦察|蒂米什瓦拉|布拉索夫|克拉约瓦|加拉茨|奥拉迪亚
18%
乍得蒙杜|萨尔|阿贝歇|凯洛|库姆拉|帕拉|安提曼|蒙戈
17%
黎巴嫩的黎波里|赛达|巴勒贝克|提尔|纳巴泰|阿列伊|朱尼耶|扎赫勒
17%
厄瓜多尔瓜亚基尔|昆卡|圣多明各|马查拉|杜兰|曼塔|波托维耶霍|安巴托
17%
匈牙利德布勒森|塞格德|米什科尔茨|佩奇|杰尔|尼赖吉哈佐|凯奇凯梅特|塞克什白堡
16%
苏丹恩图曼|北喀土穆|尼亚拉|苏丹港|欧拜伊德|卡萨拉|瓦德迈达尼|加达里夫
16%
丹麦奥胡斯|欧登塞|奥尔堡|腓特烈斯贝|埃斯比约|根措夫特|格莱萨克瑟|兰讷斯
16%
吉尔吉斯斯坦奥什|贾拉拉巴德|卡拉科尔|托克马克|乌兹根|巴雷克奇|卡拉巴尔塔|纳伦
15%
芬兰埃斯波|坦佩雷|万塔|奥卢|图尔库|于韦斯屈莱|库奥皮奥|拉赫蒂
15%
立陶宛考纳斯|克莱佩达|希奥利艾|帕内韦日斯|阿利图斯|马里扬波莱|马热伊基艾|约纳瓦
15%
智利瓦尔帕莱索|康塞普西翁|拉塞雷纳|安托法加斯塔|特木科|伊基克|兰卡瓜|蒙特港
15%
格鲁吉亚巴统|库塔伊西|鲁斯塔维|哥里|祖格迪迪|波季|苏呼米|哈舒里
14%
塞尔维亚诺维萨德|尼什|克拉古耶瓦茨|莱斯科瓦茨|苏博蒂察|克鲁舍瓦茨|克拉列沃|潘切沃
13%
白俄罗斯戈梅利|莫吉廖夫|维捷布斯克|格罗德诺|布列斯特|巴布鲁伊斯克|巴拉诺维奇|鲍里索夫
13%
刚果金姆布吉马伊|卢本巴希|卡南加|基桑加尼|布卡武|奇卡帕|布尼亚|戈马
13%
安哥拉卢班戈|万博|本格拉|卡宾达|马兰哲|绍里木|洛比托|奎托
13%
刚果布黑角|多利西|恩卡伊|因普丰多|韦索|马丁古|奥旺多|锡比提
12%
土库曼斯坦土库曼纳巴德|达绍古兹|马雷|吉孜拉巴特|巴伊拉姆阿里|巴尔坎纳巴德|捷詹|土库曼巴希
11%
克罗地亚斯普利特|里耶卡|奥西耶克|扎达尔|普拉|斯拉沃尼亚布罗德|卡尔洛瓦茨|瓦拉日丁
11%
莫桑比克马托拉|楠普拉|贝拉|希莫尤|太特|克利马内|利欣加|莫库巴
10%
塔吉克斯坦苦盏|波赫塔尔|库洛布|伊斯塔拉夫尚|瓦赫达特|科尼博多姆|图尔孙扎德|伊斯法拉
10%
加纳库马西|塔马利|塞康第|奥马西|苏尼亚尼|海岸角|奥布阿西|特西埃
10%
保加利亚普罗夫迪夫|瓦尔纳|布尔加斯|鲁塞|旧扎戈拉|普列文|斯利文|多布里奇
10%
喀麦隆杜阿拉|巴富萨姆|巴门达|加鲁阿|马鲁阿|恩冈代雷|昆巴|恩康桑巴
10%
埃塞俄比亚阿达玛|贡德尔|默克莱|阿瓦萨|德雷达瓦|巴赫达尔|德西|季马
9%
纳米比亚鲸湾港|斯瓦科普蒙德|奥奇瓦龙戈|奥卡汉贾|基特曼斯胡普|楚梅布|戈巴比斯|赫鲁特方丹
9%
乌干达基拉|古卢|利拉|姆巴莱|南桑纳|金贾|姆巴拉拉|恩德培
9%
斯洛伐克科希策|普雷绍夫|日利纳|班斯卡|尼特拉|特尔纳瓦|马丁|特伦钦
8%
巴布亚新几内亚莱城|芒特哈根|科科波|波蓬德塔|马当|阿拉瓦|门迪|金贝
8%
布隆迪布琼布拉|恩戈齐|鲁蒙盖|西比托克|卡扬扎|布班扎
8%
塞内加尔图巴|捷斯|吕菲斯克|考拉克|姆布尔|济金绍尔|圣路易|久尔贝勒
7%
波黑巴尼亚卢卡|图兹拉|泽尼察|比耶利纳|莫斯塔尔|普里耶多尔|布尔奇科|多博伊
7%
约旦扎尔卡|伊尔比德|鲁塞法|萨哈卜|赖姆萨|亚喀巴|马弗拉克|米底巴
7%
尼加拉瓜莱昂|马萨亚|马塔加尔帕|奇南德加|格拉纳达|埃斯特利|希诺特加
7%
突尼斯斯法克斯|凯鲁万|苏塞|埃塔达门|加贝斯|比塞大|艾尔亚奈|加夫萨
7%
阿尔巴尼亚都拉斯|爱尔巴桑|斯库台|发罗拉|费里|卡姆扎|卢什涅|科尔察
7%
斯洛文尼亚马里博尔|克拉尼|采列|科佩尔|韦莱涅|新梅斯托|普图伊|卡姆尼克
6%
洪都拉斯圣佩德罗苏拉|拉塞瓦|乔洛马|埃尔普罗格雷索|科马亚瓜|乔卢特卡|丹利|拉利马
6%
尼泊尔博卡拉|婆罗多布尔|拉利特普尔|比尔甘杰|比拉德讷格尔|丹加地|古拉希|伊塔哈里
6%
马拉维布兰太尔|姆祖祖|松巴|卡龙加|卡松古|曼戈奇|萨利马|利翁代
6%
布基纳法索博博迪乌拉索|库杜古|邦福拉|瓦希古亚|普伊腾加|卡亚|滕科多戈|法达恩古尔马
6%
摩尔多瓦蒂拉斯波尔|伯尔兹|宾杰里|勒布尼察|卡胡尔|温格内|索罗卡|奥尔海伊
5%
马里锡卡索|卡拉班科罗|库佳拉|塞古|卡伊|卡蒂|莫普提|加奥
5%
尼日尔马拉迪|津德尔|塔瓦|阿加德兹|阿尔利特|比尔尼恩科尼|多索|加亚
5%
博茨瓦纳弗朗西斯敦|莫戈迪沙内|马翁|莫莱波洛莱|塞罗韦|特洛昆|帕拉佩|莫丘迪
4%
马达加斯加图阿马西纳|安齐拉贝|马任加|菲亚纳兰楚阿|图利亚拉|安齐拉纳纳
4%
索马里哈尔格萨|布拉奧|贝莱德文|乔哈尔|博拉马|马尔卡|基斯马尤|博萨索
4%
塞拉利昂博城|凯内马|马克尼|科伊杜|隆萨|洛科港|卡巴拉|滑铁卢
4%
几内亚恩泽雷科雷|康康|马内阿|杜布雷卡|金迪亚|锡吉里|基西杜古|拉贝
4%
阿塞拜疆苏姆盖特|占贾|黑尔达兰|明盖恰乌尔|纳希切万|连科兰|希尔万|舍基
4%
海地卡勒富尔|德尔马斯|佩蒂翁维尔|太阳城|戈纳伊夫|海地角|圣马克|和平港
4%
贝宁科托努|帕拉库|戈多梅|阿波美卡拉维|朱古|博希孔|埃佩|阿波美
4%
中非共和国宾博|贝贝拉蒂|卡诺|班巴里|布阿尔|博桑戈阿|布里亚|班加苏
4%
津巴布韦布拉瓦约|基通维萨|穆塔雷|圭洛|奎奎|卡多马|鲁瓦|奇诺伊
4%
南苏丹瓦乌|马拉卡勒|延比奥|耶伊|伦克|阿维尔|马里迪|本提乌
3%
毛里塔尼亚努瓦迪布|罗索|阿代勒巴格鲁|鲍埃|基法|祖埃拉特|卡埃迪|布加杜姆
3%
赞比亚基特韦|恩多拉|卡布韦|钦戈拉|穆富利拉|利文斯顿|卢安夏|卡萨马
3%
乌拉圭萨尔托|海岸城|派桑杜|拉斯彼德拉斯|里韦拉|马尔多纳多|塔夸伦博|梅洛
3%
厄立特里亚克伦|德克姆哈雷|马萨瓦|门德费拉|阿萨布|巴伦图|阿迪克伊赫|埃德
2%
巴拉圭埃斯特城|卢克|圣洛伦索|卡皮亚塔|兰巴雷|费尔南多|林皮奥|嫩比
2%
亚美尼亚久姆里|瓦纳佐尔|瓦加尔沙帕特|阿博维扬|卡潘|赫拉兹丹|阿尔马维尔|马西斯
2%
阿曼锡卜|塞拉莱|鲍沙尔|苏哈尔|苏韦格|伊卜里|萨汉姆|巴尔卡
2%
卢旺达吉塞尼|布塔雷|穆汉加|鲁亨盖里|比温巴|尚古古|基布耶|鲁瓦马加纳
1%
萨尔瓦多圣安娜|索亚潘戈|圣米格尔|圣特克拉|梅希卡诺斯|阿波帕|德尔加多|阿瓦查潘
1%
利比里亚邦加|布坎南|甘塔|卡卡塔|绥德鲁|哈贝尔|哈珀|普利博
1%
危地马拉比亚努埃瓦|米斯科|科万|克萨尔特南戈|哈拉帕|埃斯昆特拉|圣胡安|胡蒂亚帕
1%
哥斯达黎加阿拉胡埃拉|德桑帕拉多斯|圣卡洛斯|卡塔戈|波科西|埃雷迪亚|佩雷斯塞莱东|蓬塔雷纳斯
1%

Score Distribution

Percentile by Number Answered

Percent of People with Each Score

Your Score History

You have not taken this quiz